000 00512nam a2200157Ia 4500
008 231217s9999 xx 000 0 und d
041 _aEnglish
082 _a001.6424 WOO;1 R
100 _aWoo, Mason Neider, Jackie Davis, Tom etc
245 0 _aOpen GL programming guide : the official guide to learning open GL, Version 1.2
250 _a3rd ed
260 _c1999
_bPearson Education,
_aDelhi
300 _axl+730
650 _aOpen,GL,programming,:,official,learning,open,GL,,Version,1.2
942 _cAA
999 _c170537
_d170537